| 000 | 00372nam a22001217a 4500 | ||
|---|---|---|---|
| 008 | 230620b xxu||||| |||| 00| 0 eng d | ||
| 082 |
_a324.96 _bKIV |
||
| 100 | _cS.M. KIVUITU | ||
| 245 |
_aElection Handbook _bfor Political Parties and Candidates on Parliamentary and Civic Elections |
||
| 260 |
_aNairobi _bFriedrich Ebert Stiftung _c2001 |
||
| 300 | _a44p | ||
| 942 |
_2ddc _cBK |
||
| 999 |
_c1857 _d1857 |
||